<?xml version="1.0" encoding="UTF-8"?>
<record
    xmlns:xsi="http://www.w3.org/2001/XMLSchema-instance"
    xsi:schemaLocation="http://www.loc.gov/MARC21/slim http://www.loc.gov/standards/marcxml/schema/MARC21slim.xsd"
    xmlns="http://www.loc.gov/MARC21/slim">

  <leader>02462nam a22003131i 4500</leader>
  <controlfield tag="003">UkCbUP</controlfield>
  <controlfield tag="005">20251022154439.0</controlfield>
  <controlfield tag="008">220215s2024    enk     ob    001 0 eng d</controlfield>
  <datafield tag="020" ind1=" " ind2=" ">
    <subfield code="a">9781009258463</subfield>
  </datafield>
  <datafield tag="020" ind1=" " ind2=" ">
    <subfield code="z">9781009258456</subfield>
  </datafield>
  <datafield tag="020" ind1=" " ind2=" ">
    <subfield code="z">9781009258432</subfield>
  </datafield>
  <datafield tag="041" ind1=" " ind2=" ">
    <subfield code="a">English</subfield>
  </datafield>
  <datafield tag="082" ind1="0" ind2="0">
    <subfield code="a">338.473</subfield>
    <subfield code="2">23/eng/20231018</subfield>
    <subfield code="b">FRI</subfield>
  </datafield>
  <datafield tag="100" ind1="1" ind2=" ">
    <subfield code="a">Friedson, Andrew,</subfield>
  </datafield>
  <datafield tag="100" ind1="1" ind2=" ">
    <subfield code="e">author.</subfield>
  </datafield>
  <datafield tag="245" ind1="1" ind2="0">
    <subfield code="a">Economics of healthcare :</subfield>
    <subfield code="b">a brief introduction /</subfield>
    <subfield code="c">Andrew Friedson.</subfield>
  </datafield>
  <datafield tag="260" ind1=" " ind2=" ">
    <subfield code="a">Cambridge :</subfield>
    <subfield code="b">Cambridge University Press,</subfield>
    <subfield code="c">2024.</subfield>
  </datafield>
  <datafield tag="300" ind1=" " ind2=" ">
    <subfield code="a">xviii, 252 pages :</subfield>
  </datafield>
  <datafield tag="504" ind1=" " ind2=" ">
    <subfield code="a">Includes bibliographical references and index.</subfield>
  </datafield>
  <datafield tag="505" ind1="0" ind2=" ">
    <subfield code="a">How economists view human behavior -- Where does health come from? -- Demand for medical care -- Health insurance and demand for medical care -- Evaluating evidence -- Provider firms -- The medical labor force -- Providers and incentives -- Hospitals -- Health insurance as a product -- Adverse selection -- Prices -- Managed care -- Public insurance -- Pharmaceuticals -- Externalities -- Medical malpractice -- Inequality -- International comparisons.</subfield>
  </datafield>
  <datafield tag="506" ind1=" " ind2=" ">
    <subfield code="a">Access restricted to subscribing institutions.</subfield>
  </datafield>
  <datafield tag="520" ind1=" " ind2=" ">
    <subfield code="a">An approachable beginner's guide to health economics that brings the economist's way of viewing the world to bear on the fundamentals of the US healthcare system. The conversational writing style, with occasional doses of humour, allows students to see how applicable economic reasoning can be to unpacking some of the sector's thorniest issues, while accessible real-world examples teach the institutional details of healthcare and health insurance, as well as the economics that underpin the behaviour of key players in these markets. Many chapters are enhanced by 'Supplements' that offer how-to guides to tools commonly used by health economists, and economists more generally. They help form the basic 'economist's toolbox' for readers with no prior training in economics, and offer deeper dives into interesting related material. A test bank and lectures slides are available online for instructors, alongside additional resources and readings for students, taken from popular media and health care and policy journals.</subfield>
  </datafield>
  <datafield tag="650" ind1=" " ind2="0">
    <subfield code="a">Medical economics.</subfield>
  </datafield>
  <datafield tag="776" ind1="0" ind2="8">
    <subfield code="i">Print version: </subfield>
    <subfield code="z">9781009258456.</subfield>
  </datafield>
  <datafield tag="856" ind1="4" ind2="0">
    <subfield code="u">https://ezproxy.lib.gla.ac.uk/login?url=https://doi.org/10.1017/9781009258463</subfield>
  </datafield>
  <datafield tag="856" ind1="4" ind2="0">
    <subfield code="z">Connect to resource</subfield>
  </datafield>
  <datafield tag="907" ind1=" " ind2=" ">
    <subfield code="a">.b41271440</subfield>
  </datafield>
  <datafield tag="942" ind1=" " ind2=" ">
    <subfield code="2">ddc</subfield>
    <subfield code="c">BOOKS</subfield>
  </datafield>
  <datafield tag="999" ind1=" " ind2=" ">
    <subfield code="c">46008</subfield>
    <subfield code="d">46008</subfield>
  </datafield>
  <datafield tag="952" ind1=" " ind2=" ">
    <subfield code="0">0</subfield>
    <subfield code="1">0</subfield>
    <subfield code="2">ddc</subfield>
    <subfield code="4">0</subfield>
    <subfield code="7">0</subfield>
    <subfield code="8">NFIC</subfield>
    <subfield code="a">CUTN</subfield>
    <subfield code="b">CUTN</subfield>
    <subfield code="c">300</subfield>
    <subfield code="d">2025-10-22</subfield>
    <subfield code="l">0</subfield>
    <subfield code="o">338.473 FRI</subfield>
    <subfield code="p">54572</subfield>
    <subfield code="r">2025-10-22 15:46:24</subfield>
    <subfield code="w">2025-10-22</subfield>
    <subfield code="y">BOOKS</subfield>
  </datafield>
</record>
